[Event "17th Delhi GM Open 2019"]
[Site "Delhi"]
[Date "2019.01.10"]
[Round "3"]
[White "Mitrabha, Guha"]
[Black "Ghosh, Diptayan"]
[Result "0-1"]
[WhiteElo "2371"]
[BlackElo "2544"]
[Annotator "ChessBase"]
[PlyCount "94"]
[EventDate "2019.01.09"]
[EventType "swiss"]
[EventCountry "IND"]
[SourceTitle "playchess.com"]
[Source "ChessBase"]
[SourceQuality "1"]
[TimeControl "5400+30"]

1. d4 {[%emt 0:00:00]} Nf6 {[%emt 0:00:00]} 2. Nf3 {[%emt 0:00:00]} e6 {[%emt 0:00:01]} 3. c4 {[%emt 0:00:00]} b6 {[%emt 0:00:04]} 4. g3 {[%emt 0:00:00]} Ba6 {[%emt 0:00:06]} 5. b3 {[%emt 0:00:00]} d5 {[%emt 0:00:03]} 6. cxd5 {[%emt 0:00:00]} exd5 {[%emt 0:00:03]} 7. Bg2 {[%emt 0:00:02]} Bb4+ {[%emt 0:00:03]} 8. Bd2 {[%emt 0:00:05]} Be7 {[%emt 0:00:03]} 9. Nc3 {[%emt 0:00:05]} O-O {[%emt 0:00:06]} 10. O-O {[%emt 0:00:04]} Re8 {[%emt 0:00:03]} 11. Qc2 {[%emt 0:00:33]} c5 {[%emt 0:00:29]} 12. Rfd1 {[%emt 0:02:13]} Nc6 {[%emt 0:02:21]} 13. Bf4 {[%emt 0:07:37]} Rc8 {[%emt 0:09:11]} 14. Bh3 {[%emt 0:05:13]} Nxd4 {[%emt 0:13:31]} 15. Nxd4 {[%emt 0:00:42]} cxd4 {[%emt 0:00:04]} 16. Bxc8 {[%emt 0:00:52]} Qxc8 {[%emt 0:00:03]} 17. Rxd4 {[%emt 0:00:55]} Bc5 {[%emt 0:00:04]} 18. Qd2 {[%emt 0:13:11]} Qh3 {[%emt 0:04:28]} 19. f3 {[%emt 0:32:10]} Bxe2 {[%emt 0:01:14]} 20. Re1 {[%emt 0:00:19]} Bxf3 {[%emt 0:01:05]} 21. Rxe8+ {[%emt 0:00:06]} Nxe8 {[%emt 0:00:04]} 22. Be3 {[%emt 0:00:03]} Bxd4 {[%emt 0:01:12]} 23. Bxd4 {[%emt 0:00:03]} Nd6 {[%emt 0:08:33]} 24. Qf2 {[%emt 0:06:00]} Qf5 {[%emt 0:03:47]} 25. Qe3 {[%emt 0:01:12]} Be4 {[%emt 0:02:37]} 26. Qf4 {[%emt 0:00:30]} Qxf4 {[%emt 0:00:14]} 27. gxf4 {[%emt 0:00:02]} f6 {[%emt 0:00:06]} 28. Bf2 {[%emt 0:00:36]} Kf7 {[%emt 0:00:38]} 29. Ne2 {[%emt 0:00:28]} Nf5 {[%emt 0:02:17]} 30. Nd4 {[%emt 0:00:25]} Nxd4 {[%emt 0:00:44]} 31. Bxd4 {[%emt 0:00:06]} Ke6 {[%emt 0:00:03]} 32. Kf2 {[%emt 0:00:14]} Kf5 {[%emt 0:00:04]} 33. Be3 Bb1 {[%emt 0:01:31]} 34. a3 {[%emt 0:06:24]} Ke4 {[%emt 0:00:04]} 35. Bd2 {[%emt 0:00:10]} Ba2 {[%emt 0:01:14]} 36. b4 {[%emt 0:00:08]} Kd3 {[%emt 0:00:04]} 37. Ke1 {[%emt 0:00:10]} Bb3 {[%emt 0:01:33]} 38. Bc1 {[%emt 0:01:33]} Kc3 {[%emt 0:02:56]} 39. Be3 {[%emt 0:00:13]} d4 {[%emt 0:00:54]} 40. Bf2 {[%emt 0:00:23]} Bc2 {[%emt 0:00:16]} 41. Bg1 {[%emt 0:00:09]} g5 {[%emt 0:01:39]} 42. Bf2 {[%emt 0:00:40]} gxf4 {[%emt 0:01:35]} 43. Bh4 {[%emt 0:00:02]} f5 {[%emt 0:00:04]} 44. Bf6 {[%emt 0:00:09]} Be4 {[%emt 0:00:10]} 45. Be5 {[%emt 0:00:09]} f3 {[%emt 0:00:05]} 46. h4 {[%emt 0:00:35]} Kc4 {[%emt 0:01:05]} 47. Bb8 {[%emt 0:00:25]} d3 {[%emt 0:01:32]} 0-1

[Event "17th Delhi GM Open 2019"]
[Site "Delhi"]
[Date "2019.01.10"]
[Round "3"]
[White "Tran, Minh Thang"]
[Black "Stupak, Kirill"]
[Result "0-1"]
[WhiteElo "2355"]
[BlackElo "2542"]
[Annotator "TA"]
[PlyCount "76"]
[EventDate "2019.01.09"]
[EventType "swiss"]
[EventCountry "IND"]
[SourceTitle "playchess.com"]
[Source "ChessBase"]
[SourceQuality "1"]

{[%evp 18,76,43,18,24,22,31,32,33,13,30,10,37,26,37,27,30,0,0,0,0,0,0,0,2,7,0,0,10,11,8,0,0,0,10,0,8,0,8,0,35,0,11,0,0,0,0,-83,-63,-91,-109,-227,-227,-220,-220,-228,-219,-215,-210,-224,-216]} 1. Nf3 Nf6 2. e3 g6 3. b3 Bg7 4. Bb2 b6 5. c4 c5 6. Be2 Bb7 7. O-O O-O 8. d4 cxd4 9. Nxd4 d6 {A30: Symmetrical English: Double Fianchetto and Hedgehog} (9... Nc6 10. Nd2 Rc8 11. Rc1 d6 12. Qc2 Nxd4 13. Bxd4 b5 14. Bxa7 e5 15. c5 dxc5 16. Bxc5 b4 17. Qb2 Bxg2 18. Kxg2 {1-0 (32) Lysyj,I (2668)-Khismatullin,D (2609) Cheboksary 2016}) 10. Bf3 {LiveBook: 3 Games} Qc8 11. Nc3 Nbd7 {The position is equal.} 12. Qe2 $146 ({Predecessor:} 12. Rc1 Ne5 13. Be2 Qd7 14. Qd2 d5 15. f4 Neg4 16. h3 Nh6 17. cxd5 Nxd5 18. Bb5 {½-½ (36) Schlamp,R (2337)-Bastian,M (2240) Germany 2010}) 12... Bxf3 13. Nxf3 (13. Qxf3 {seems wilder.} Re8 14. Qe2 Qb7 15. Rad1 Ne4 16. Nxe4 Qxe4 17. Nb5) 13... Qb7 14. e4 Rfe8 15. Rad1 Rac8 16. Rfe1 a6 17. e5 dxe5 18. Nxe5 Nxe5 19. Qxe5 e6 20. Qe2 Red8 21. Rxd8+ Rxd8 22. Rd1 Rc8 23. h3 h6 24. Rd2 Kh7 25. Rd1 Ne8 26. Rd2 Nf6 {[%cal Be8f6,Bf6h5,Bh5f4][%mdl 32]} 27. Rd1 Qc6 28. Rd2 Kh8 29. Rd1 Kg8 30. Rd2 Kh7 31. Rd1 Nh5 32. Rd2 (32. g3 $11 {keeps the balance.}) 32... b5 $1 $17 {[%cal Rb5c4]} 33. cxb5 axb5 $40 {[%mdl 128] Black wants a kill.} 34. Qxb5 (34. Nxb5 $17 {might work better.} Bxb2 35. Rxb2) 34... Bxc3 $19 {Black is clearly better.} 35. Qxc6 Rxc6 36. Rc2 {[#]} Nf4 $1 37. b4 {[#]} Rc7 $1 ({Weaker is} 37... Nd5 38. b5 $15) 38. b5 Ba5 {Accuracy: White = 45%, Black = 70%.} 0-1

[Event "17th Delhi GM Open 2019"]
[Site "Delhi"]
[Date "2019.01.10"]
[Round "3"]
[White "Saravana, Krishnan P."]
[Black "Debashis, Das"]
[Result "0-1"]
[WhiteElo "2346"]
[BlackElo "2538"]
[Annotator "TA"]
[PlyCount "70"]
[EventDate "2019.01.09"]
[EventType "swiss"]
[EventCountry "IND"]
[SourceTitle "playchess.com"]
[Source "ChessBase"]
[SourceQuality "1"]

{[%evp 25,70,-1,0,0,0,0,0,0,0,0,0,-8,0,-45,-40,-195,-181,-129,-125,-367,-366,-421,-443,-430,-432,-418,-412,-479,-475,-412,-247,-226,-244,-375,-373,-306,-74,-60,-68,-160,-164,-6237,-6237,-6208,-5335,-29981,-29982]} 1. e4 e5 2. Nf3 Nf6 3. Nc3 Nc6 4. d4 exd4 5. Nxd4 Bb4 6. Nxc6 bxc6 7. Bd3 O-O 8. O-O d5 9. exd5 cxd5 10. h3 {C47: Scotch Four Knights and Four Knights with 4 g3} Re8 (10... c6 11. Qf3 Bd6 12. Bf4 Be6 13. Rfe1 Bxf4 14. Qxf4 Qb8 15. Qxb8 Raxb8 16. Na4 Nd7 17. b3 c5 {½-½ (35) Nakamura,H (2777)-So,W (2780) Saint Louis 2018}) 11. Qf3 Be6 12. Bf4 c6 13. Ne2 Bd6 {LiveBook: 13 Games} 14. Rfd1 Rb8 {[%cal Ba8b8,Bb8b6,Bb6e6][%mdl 32]} 15. b3 c5 $146 ({Predecessor:} 15... Bxf4 16. Qxf4 c5 17. c4 d4 {1-0 (28) Lugovskoy,M (2432)-Kotlyar,K (2330) Pardubice 2015}) 16. c3 a5 17. Rab1 h6 18. Bc2 Rb6 19. Be3 Bc8 20. Nf4 $2 ({White should try} 20. b4 $1 $15) 20... Bb7 $19 21. Nh5 Bb8 22. Re1 $2 (22. Bxc5 $17 Qc7 23. Qg3 Nxh5 24. Qxc7 Bxc7 25. Bxb6 Bxb6 26. Re1) 22... Nxh5 23. Qxh5 Rbe6 $1 24. Bd2 Qd6 {( -> ...Qh2+)} 25. f4 {[#]} d4 $1 ({Weaker is} 25... Rxe1+ 26. Rxe1 Rxe1+ 27. Bxe1 $17) 26. Rxe6 Rxe6 27. Rf1 d3 $40 {[%mdl 128] Black attacks with force.} (27... g6 $142 28. Qxh6 {[#]} c4 $1 {[%mdl 512]}) 28. Bd1 {[#]} c4 $1 {[%mdl 512]} 29. bxc4 (29. Qb5 $142 Ba6 30. Qh5) 29... Ba7+ 30. Kh2 Be3 $2 (30... Bc5 $19 {And now ...g6 would win.} 31. Rh1 Be3 32. Bxe3 Rxe3) 31. Bxe3 $17 Rxe3 32. c5 (32. Qb5 $1 $15 Qc7 33. c5) 32... Qf6 33. Bf3 $2 (33. c6 Bxc6 34. Qc5) 33... Qxf4+ $19 34. Kg1 Bxf3 35. Rxf3 Rxf3 {Accuracy: White = 35%, Black = 75%.} 0-1

[Event "17th Delhi GM Open 2019"]
[Site "Delhi"]
[Date "2019.01.10"]
[Round "3"]
[White "Shailesh, Dravid"]
[Black "Mosadeghpour, Masoud"]
[Result "0-1"]
[WhiteElo "2334"]
[BlackElo "2517"]
[Annotator "RC"]
[PlyCount "62"]
[EventDate "2019.01.09"]
[EventType "swiss"]
[EventCountry "IND"]
[SourceTitle "playchess.com"]
[Source "ChessBase"]
[SourceQuality "1"]
[TimeControl "5400+30"]

1. e4 {[%emt 0:00:00]} c5 {[%emt 0:00:00]} 2. Nf3 {[%emt 0:00:30]} d6 {[%emt 0:00:30]} 3. d4 {[%emt 0:00:30]} cxd4 {[%emt 0:00:30]} 4. Nxd4 {[%emt 0:00:30]} Nf6 {[%emt 0:00:30]} 5. Nc3 {[%emt 0:00:30]} Nc6 {[%emt 0:00:01]} 6. Bg5 {[%emt 0:00:00]} e6 {[%emt 0:06:05]} 7. Qd2 {[%emt 0:00:00]} Be7 {[%emt 0:01:06]} 8. O-O-O {[%emt 0:00:00]} O-O {[%emt 0:00:14]} 9. f4 {[%emt 0:00:10]} Nxd4 {[%emt 0:00:34]} 10. Qxd4 {[%emt 0:00:08]} Qa5 {[%emt 0:00:04]} 11. Bc4 {[%emt 0:03:40]} e5 {[%emt 0:00:59]} 12. Qd2 {[%emt 0:01:44]} Qc5 {[%emt 0:09:58]} 13. Bb3 {[%emt 0:11:03]} Bg4 {[%emt 0:02:20]} 14. Rde1 {[%emt 0:01:21]} Be6 {[%emt 0:23:07]} 15. f5 {[%emt 0:03:16]} Bxb3 {[%emt 0:06:28]} 16. axb3 {[%emt 0:00:09]} Rfc8 {[%emt 0:03:28]} 17. g4 {[%emt 0:08:41]} Rc6 {[%emt 0:12:54]} 18. Bxf6 {[%emt 0:05:22]} Bxf6 {[%emt 0:00:38]} 19. Qd5 {[%emt 0:01:47]} Qf2 {[%emt 0:03:57]} 20. Qd3 {[%emt 0:04:25]} Rac8 {[%emt 0:02:42]} 21. Re2 {[%emt 0:01:06]} Qc5 {[%emt 0:06:27]} 22. h4 {[%emt 0:07:34]} Qa5 {[%emt 0:02:35]} 23. Qb5 {[%emt 0:10:40]} Qa1+ {[%emt 0:00:18]} 24. Nb1 {[%emt 0:00:08]} h6 {[%emt 0:02:08]} 25. Qxb7 {[%emt 0:08:54]} Qa5 {[%emt 0:04:29]} 26. b4 {[%emt 0:00:24]} Qa4 {[%emt 0:04:00]} 27. Na3 {[%emt 0:00:09]} a6 {[%emt 0:04:24]} 28. b5 {[%emt 0:00:30]} axb5 {[%emt 0:00:11]} 29. Qxb5 {[%emt 0:05:03]} Rxc2+ {[%emt 0:00:05]} 30. Rxc2 {[%emt 0:00:03]} Rxc2+ {[%emt 0:00:04]} 31. Kb1 {[%emt 0:00:02]} Qxe4 {[%emt 0:00:09]} 0-1

[Event "17th Delhi GM Open 2019"]
[Site "Delhi"]
[Date "2019.01.10"]
[Round "3"]
[White "Navalgund, Niranjan"]
[Black "Movsziszian, Karen"]
[Result "0-1"]
[WhiteElo "2327"]
[BlackElo "2514"]
[Annotator "TA"]
[PlyCount "96"]
[EventDate "2019.01.09"]
[EventType "swiss"]
[EventCountry "IND"]
[SourceTitle "playchess.com"]
[Source "ChessBase"]
[SourceQuality "1"]

{[%evp 11,96,21,31,0,0,0,0,0,-6,-20,-12,-179,-177,-177,-177,-175,-180,-180,-178,-202,-218,-265,-266,-261,-261,-253,-256,-263,-251,-252,-166,-304,-304,-308,-317,-310,-293,-356,-343,-352,-306,-305,-305,-295,-297,-304,-235,-327,-327,-327,-322,-391,-379,-339,-325,-334,0,-420,-426,-398,-416,-418,-416,-443,-438,-446,-438,-474,-475,-493,-470,-471,-175,-646,-641,-564,-580,-567,-530,-647,-660,-806,-802,-886,-869,-854,-795]} 1. e4 d6 2. d4 Nf6 3. Nc3 g6 4. Bg5 c6 5. Qd2 Bg7 6. O-O-O b5 {LiveBook: 20 Games. Black wants to play ...b4.} 7. e5 {B07: Pirc Defence: Miscellaneous Systems} (7. Bd3 Nbd7 8. f4 b4 9. Nce2 Qa5 10. Kb1 O-O 11. Nf3 Rb8 12. h4 d5 13. e5 Ne4 14. Qe3 Nc3+ 15. bxc3 bxc3+ {0-1 (30) Motylev,A (2663)-Andriasian,Z (2621) Tallinn 2016}) 7... dxe5 8. dxe5 {[%csl Gd1][%cal Rd2d8]} Qxd2+ 9. Rxd2 {The position is equal.} Ng4 10. Nf3 Nxe5 11. Nxb5 $146 (11. Be2 $11 {and White stays safe.}) ({Predecessor:} 11. Be2 Nbd7 12. Rhd1 f6 13. Nxe5 Nxe5 14. Bf4 Be6 15. Bxe5 fxe5 {0-1 (50) Draghici Flutur,G (2210)-Suder,R (2268) Eretria 2005}) 11... cxb5 $19 12. Nxe5 Bxe5 13. Bxb5+ Bd7 14. Rhd1 {[%cal Rb5d7]} Bd6 $1 15. Rxd6 exd6 16. Re1+ Kf8 17. Bh6+ Kg8 18. Bc4 {White threatens Re7 and mate.} Nc6 19. Rd1 Ne7 20. Bg5 Nc8 {aiming for ...Kg7.} 21. Bh6 (21. Bf6 {is a better defense.}) 21... Be6 22. Re1 Ne7 23. g4 d5 24. Bd3 Nc6 25. h3 Nb4 26. f4 Nxa2+ 27. Kd2 Nb4 28. f5 Nxd3 29. cxd3 gxf5 30. gxf5 Bxf5 31. h4 Rb8 32. b4 a6 33. Re5 Rd8 $2 (33... Bg6 $19 34. Rxd5 Re8) 34. Re7 $2 {[%mdl 8192]} (34. Rxf5 $11 f6 35. Rxf6) 34... d4 35. Re5 Bg6 36. Re7 Bh5 37. Kc1 Bg4 38. Kd2 Be6 39. h5 Bg4 40. Re5 {[%cal Re5g5] [#]} Bxh5 $1 41. Re7 (41. Rxh5 f6) 41... Bg4 $2 (41... Ra8 42. Kc1 Rc8+ 43. Kd2 Bf3) 42. Ra7 $2 (42. Re5 Bh5 43. Rxh5) 42... Re8 {Black is clearly winning.} 43. Rb7 Bf3 44. Rc7 Bd5 45. Kc1 Bb3 46. Kb2 Ba4 47. Ka3 Re6 48. Rc8+ Be8 0-1

[Event "17th Delhi GM Open 2019"]
[Site "Delhi"]
[Date "2019.01.10"]
[Round "3"]
[White "Ameir, Moheb"]
[Black "Swapnil, S. Dhopade"]
[Result "1-0"]
[WhiteElo "2309"]
[BlackElo "2487"]
[Annotator "TA"]
[PlyCount "87"]
[EventDate "2019.01.09"]
[EventType "swiss"]
[EventCountry "IND"]
[SourceTitle "playchess.com"]
[Source "ChessBase"]
[SourceQuality "1"]

{[%evp 23,87,21,29,-48,32,0,23,18,35,0,0,8,10,-10,-23,0,15,-18,0,-33,17,-49,-46,-60,-67,-65,-68,-82,-79,-69,-83,-83,-73,-167,-58,-191,-149,-145,-137,-150,-141,-146,-131,-136,352,-357,1672,1672,1635,1593,1550,1524,5509,664,5509,0,0,0,5509,5509,5406,5397,5397,5397,2583,2572]} 1. e4 c6 2. d4 d5 3. Nc3 dxe4 4. Nxe4 Nf6 5. Nxf6+ exf6 6. c3 Bd6 7. Bd3 O-O 8. Qc2 Re8+ {B15: Caro-Kann: 3 Nc3: 3...g6 and 3...dxe4 4 Nxe4 Nf6 5 Nxf6+ exf6} 9. Ne2 (9. Be3 h5 10. O-O-O Qa5 11. Kb1 Be6 12. c4 Na6 13. Bd2 Nb4 14. Qb3 b5 15. Bxb4 Bxb4 16. Qc2 bxc4 17. Bxc4 Bxc4 18. Qxc4 {0-1 (47) Stevic,H (2589)-Cheparinov,I (2711) Zagreb 2018}) 9... h5 10. Be3 Nd7 11. O-O-O Nf8 12. Kb1 Be6 {LiveBook: 10 Games} 13. Kc1 (13. c4 $11) 13... Bc8 ({Don't blunder} 13... Bxa2 $2 14. b3 $18) (13... Bd5 $15) 14. Kb1 Be6 15. c4 Rc8 16. Nc3 Bb4 17. Ne4 Be7 18. Qa4 $146 ({Predecessor:} 18. Rhe1 b5 {0-1 (30) Cumming,R (2162)-Hansen,T (2408) London 2017}) 18... a6 19. Qc2 Qa5 20. Bd2 Qc7 21. Ng3 Qd7 22. Bc1 ({Stronger than} 22. Nxh5 Bg4 $17) ({Better is} 22. f4 $11 Bg4 23. Rde1 Qxd4 24. h3) 22... b5 $15 23. c5 g6 24. Ne2 f5 25. Nf4 Bd5 26. Nxd5 Qxd5 27. Be2 Qxg2 28. Bxh5 (28. Bd3 $17 {was worth a try.}) 28... Bh4 ({Black should try} 28... Qh3 $19 29. Be2 Ne6) 29. Be3 (29. Qd3 $1 $15) 29... Rcd8 30. Rhg1 {[%cal Bh1g1,Bg1g7,Bg7f7][%mdl 32]} Qd5 31. Bf4 Kh7 32. Be5 Qe4 $1 33. Rd3 {Strongly threatening Bf3.} gxh5 $2 {[%mdl 8192]} (33... Rxe5 $17 {keeps the pressure on.} 34. Bf3 Rxc5 $1 {[%mdl 512]}) 34. f3 $4 {[%mdl 8192] [#]} (34. Qd1 $18 {[%cal Rd1h5] is the narrow road to win.} Qg4 35. Rxg4 hxg4 36. h3) 34... Qd5 $4 {[%mdl 8192] [#]} (34... Qxd3 $1 $19 {[%mdl 512]} 35. Qxd3 Rxe5) 35. Rg7+ $1 $18 Kh8 36. Qd2 {Threatening mate with Qh6+.} Re6 37. Rxf7+ ({Weaker is} 37. Rg6+ Qxe5 38. dxe5 Nxg6 $16) 37... Kg8 38. Rg7+ Kh8 39. Rf7+ Kg8 40. Rg7+ $40 {[%mdl 128] White is up to no good.} Kh8 41. Rg6+ {White is clearly winning.} Qxe5 42. Qh6+ Nh7 43. dxe5 {[%csl Gg6][%cal Rh6g7]} Rxg6 44. Rxd8+ {Precision: White = 50%, Black = 48%.} 1-0

[Event "17th Delhi GM Open 2019"]
[Site "Delhi"]
[Date "2019.01.10"]
[Round "3"]
[White "Neelash Saha"]
[Black "Gajek, Radoslaw"]
[Result "1-0"]
[WhiteElo "2300"]
[BlackElo "2481"]
[Annotator "TA"]
[PlyCount "97"]
[EventDate "2019.01.09"]
[EventType "swiss"]
[EventCountry "IND"]
[SourceTitle "playchess.com"]
[Source "ChessBase"]
[SourceQuality "1"]

{[%evp 18,97,0,-12,-9,-6,27,19,10,0,2,0,9,6,42,27,50,32,81,27,60,37,85,110,122,122,450,449,712,687,927,926,915,994,989,787,1073,900,956,500,487,484,537,435,428,429,426,412,929,919,1220,1211,1218,1223,1178,1189,1645,1763,1258,1229,29981,29982,29982,29971,29964,29958,4698,1907,29973,29974,29981,29982,29982,29983,29986,29987,29989,29990,29990,29991,29991,29992]} 1. d4 Nf6 2. Bg5 e6 3. Nd2 d5 4. e3 c5 5. c3 Nc6 (5... Bd6 6. Bd3 h6 7. Bxf6 gxf6 8. Ne2 f5 9. O-O Nd7 10. Nf4 Nf6 11. g3 Bd7 12. dxc5 Bxc5 {½-½ (24) Andreikin,D (2712)-Meier,G (2647) chess.com INT 2018}) 6. f4 {D00: 1 d4 d5: Unusual lines} Qb6 7. Rb1 Be7 8. Bd3 Bf8 9. Bf1 Be7 10. Bd3 {LiveBook: 4 Games} cxd4 11. exd4 Qc7 (11... e5 {seems wilder.} 12. fxe5 Nxe5 13. Bc2 Ng6 14. Ngf3 O-O) 12. Qf3 $146 ({Predecessor:} 12. Ngf3 Ng4 13. Bxe7 Nxe7 14. Ne5 Nh6 {1-0 (32) Augustin,C (2179)-Raphael,J Voelklingen 2003}) 12... h6 13. Bxf6 Bxf6 14. Ne2 Bd7 15. O-O O-O-O 16. b4 Kb8 17. Nb3 Bc8 18. Nc5 ({White should play} 18. a4 $16) 18... Ne7 19. a4 {[%cal Ba2a4,Ba4a5,Ba5b6][%mdl 32]} Nf5 20. a5 g5 21. b5 gxf4 $2 {[%mdl 8192]} (21... g4 $16 22. Qf2 (22. Qxg4 Ne3 $11 {[%mdl 64] Double Attack}) 22... b6) 22. b6 $18 ({Less strong is} 22. Bxf5 Be7 $18) 22... axb6 (22... Qc6 $142 23. Qxf4+ e5) 23. axb6 Qd6 24. Bxf5 exf5 25. Nxf4 Bd7 26. Qxd5 {[%csl Gc5][%cal Rd5b7][%mdl 64] [#] Double Attack} Bc6 27. Qxf7 Bg5 28. Na6+ Kc8 29. Qxf5+ Bd7 30. Qc5+ {[%mdl 64] Double Attack} Bc6 31. Qxd6 Rxd6 32. Nc5 {Ra1 is the strong threat.} Kd8 (32... Kb8 $142 33. Ra1 Bd8) 33. Nfe6+ Ke7 34. Nxg5 hxg5 35. Rbe1+ Kd8 36. Rf7 Bd5 37. Nxb7+ Bxb7 38. Rxb7 {[%mdl 4096] Endgame KRR-KRR} Kc8 39. Ree7 Rc6 40. Rec7+ Rxc7 41. Rxc7+ {KR-KR} Kb8 42. c4 {[%cal Bc3c4,Bc4c5,Bc5c6][%mdl 32]} Rh4 43. Rd7 {White mates.} Kc8 44. b7+ Kb8 45. c5 Rh6 46. d5 {[%cal Bd4d5,Bd5d6][%mdl 32]} g4 47. c6 Rh8 48. d6 g3 {[#]} 49. Rd8+ $1 {[%mdl 576] Promotion. Accuracy: White = 69%, Black = 14%.} 1-0

[Event "17th Delhi GM Open 2019"]
[Site "Delhi"]
[Date "2019.01.10"]
[Round "3"]
[White "Sarwat, Walaa"]
[Black "Rahman, Ziaur"]
[Result "0-1"]
[WhiteElo "2265"]
[BlackElo "2470"]
[Annotator "ChessBase"]
[PlyCount "114"]
[EventDate "2019.01.09"]
[EventType "swiss"]
[EventCountry "IND"]
[SourceTitle "playchess.com"]
[Source "ChessBase"]
[SourceQuality "1"]
[TimeControl "5400+30"]

1. e4 {[%emt 0:01:38]} g6 {[%emt 0:00:55]} 2. d4 {[%emt 0:00:55]} Bg7 {[%emt 0:00:06]} 3. Nf3 {[%emt 0:00:40]} d6 {[%emt 0:00:09]} 4. Nc3 {[%emt 0:00:55]} a6 {[%emt 0:00:39]} 5. Be3 {[%emt 0:00:57]} b5 {[%emt 0:01:04]} 6. Qd2 {[%emt 0:00:58]} Bb7 {[%emt 0:01:08]} 7. Bd3 {[%emt 0:04:05]} Nd7 {[%emt 0:00:54]} 8. a4 {[%emt 0:08:05]} b4 {[%emt 0:01:16]} 9. Ne2 {[%emt 0:00:40]} a5 {[%emt 0:07:27]} 10. c3 {[%emt 0:01:17]} Ngf6 {[%emt 0:01:19]} 11. Ng3 {[%emt 0:03:39]} bxc3 {[%emt 0:06:15]} 12. bxc3 {[%emt 0:05:11]} Qc8 {[%emt 0:08:01]} 13. h3 {[%emt 0:11:48]} Ba6 {[%emt 0:00:55]} 14. O-O {[%emt 0:01:35]} O-O {[%emt 0:00:20]} 15. Bxa6 {[%emt 0:02:10]} Qxa6 {[%emt 0:02:00]} 16. Bh6 {[%emt 0:01:05]} e6 {[%emt 0:03:18]} 17. Bxg7 {[%emt 0:01:53]} Kxg7 {[%emt 0:00:05]} 18. e5 {[%emt 0:09:22]} Ng8 {[%emt 0:00:14]} 19. h4 {[%emt 0:04:49]} h6 {[%emt 0:04:40]} 20. Rfe1 {[%emt 0:03:20]} d5 {[%emt 0:01:55]} 21. Nh2 {[%emt 0:04:14]} Rab8 {[%emt 0:01:19]} 22. h5 {[%emt 0:06:17]} Nb6 {[%emt 0:03:15]} 23. hxg6 {[%emt 0:04:39]} fxg6 {[%emt 0:00:26]} 24. Reb1 {[%emt 0:02:07]} Qc8 {[%emt 0:04:08]} 25. Qe2 {[%emt 0:00:52]} Qd7 {[%emt 0:00:59]} 26. Qc2 {[%emt 0:02:59]} Qe7 {[%emt 0:01:19]} 27. Qe2 {[%emt 0:03:10]} h5 {[%emt 0:03:29]} 28. Nf3 {[%emt 0:02:01]} Nh6 {[%emt 0:03:35]} 29. Qe3 {[%emt 0:00:53]} Rbe8 {[%emt 0:02:27]} 30. Qg5 {[%emt 0:01:32]} Rb8 {[%emt 0:00:00]} 31. Qe3 {[%emt 0:00:00]} Rbe8 {[%emt 0:01:00]} 32. Qg5 Qxg5 {[%emt 0:00:19]} 33. Nxg5 {[%emt 0:01:30]} Ng4 {[%emt 0:00:40]} 34. Nh3 {[%emt 0:00:47]} Kh6 {[%emt 0:06:28]} 35. Rb5 {[%emt 0:01:18]} Nc4 {[%emt 0:00:10]} 36. Rc5 {[%emt 0:00:34]} Rb8 {[%emt 0:01:47]} 37. Rxc7 {[%emt 0:03:38]} Rb2 {[%emt 0:01:40]} 38. Re7 {[%emt 0:04:53]} Nxf2 {[%emt 0:03:04]} 39. Rf1 {[%emt 0:00:33]} Ne3 {[%emt 0:05:17]} 40. Rxf2 {[%emt 0:01:40]} Rb1+ {[%emt 0:00:04]} 41. Nf1 {[%emt 0:00:28]} Rxf1+ {[%emt 0:00:10]} 42. Rxf1 {[%emt 0:00:24]} Rxf1+ {[%emt 0:00:06]} 43. Kh2 {[%emt 0:00:12]} Rc1 {[%emt 0:02:58]} 44. Rxe6 {[%emt 0:01:07]} Ng4+ {[%emt 0:00:40]} 45. Kg3 {[%emt 0:00:21]} Rxc3+ {[%emt 0:00:03]} 46. Kf4 {[%emt 0:00:57]} Rd3 {[%emt 0:01:28]} 47. Ng1 {[%emt 0:00:18]} Ne3 {[%emt 0:01:52]} 48. Nf3 {[%emt 0:00:27]} Nxg2+ {[%emt 0:00:09]} 49. Kg3 {[%emt 0:00:49]} Ne1 {[%emt 0:00:08]} 50. Kf2 {[%emt 0:00:20]} Nxf3 {[%emt 0:00:12]} 51. Rd6 {[%emt 0:00:13]} Nxd4 {[%emt 0:00:41]} 52. Rxd5 {[%emt 0:00:28]} Rf3+ {[%emt 0:00:04]} 53. Kg2 {[%emt 0:00:27]} Rf4 {[%emt 0:00:04]} 54. Rxa5 {[%emt 0:00:08]} Re4 {[%emt 0:00:36]} 55. Rc5 {[%emt 0:01:22]} Ne6 {[%emt 0:00:06]} 56. Ra5 {[%emt 0:00:26]} Kg5 {[%emt 0:00:09]} 57. Kf3 {[%emt 0:00:17]} Kf5 {[%emt 0:00:10]} 0-1